Score 0/22 Timer 02:00
2 Plays Today
Song Title Missing Word % Correct
Just the Way You ____Are
94.3%
TiK ____ToK
93%
F**k ____You
92.9%
Hey, ____ SisterSoul
91.6%
What's My ____?Name
89.5%
____ GurlsCalifornia
85.1%
Love the Way You ____Lie
84.2%
Only ____ (in the World)Girl
83.3%
Raise Your ____Glass
82.3%
Your Love Is My ____Drug
81.5%
____ DreamTeenage
79.8%
Song Title Missing Word % Correct
Break Your ____Heart
74.6%
My First ____Kiss
72%
I ____ ItLike
68.6%
____ You NowNeed
68%
____ BoyRude
63.4%
In My ____Head
62.8%
Just a ____Dream
61.5%
____ Than MeCooler
61.4%
Like a ____G6
56.9%
____ BeImma
54.8%
____ UpBottoms
34.4%

Today's Daily Dose

Remove Ads.
Support Sporcle.
Get the best of Sporcle when you Go Orange. This ad-free experience offers more features, more stats, and more fun while also helping to support Sporcle. Thank you for becoming a member.

You're not logged in!

Compare scores with friends on all Sporcle quizzes.
OR
Log In

Show Comments

Extras

Top Quizzes Today


Score Distribution

Your Account Isn't Verified!

In order to create a playlist on Sporcle, you need to verify the email address you used during registration. Go to your Sporcle Settings to finish the process.

Report this User

Report this user for behavior that violates our Community Guidelines.

Details: